El libre-cambio y la protección (Record no. 53610)

MARC details
000 -LEADER
campo de control de longitud fija 00827nam a2200205 i 4500
001 - NÚMERO DE CONTROL
campo de control 53610
003 - IDENTIFICADOR DE NÚMERO DE CONTROL
campo de control ES-MaACL
005 - FECHA Y HORA DE LA ÚLTIMA TRANSACCIÓN
campo de control 20250809011730.0
007 - CAMPO FIJO DE DESCRIPCIÓN FÍSICA--INFORMACIÓN GENERAL
campo de control de longitud fija t|
008 - DATOS DE LONGITUD FIJA--INFORMACIÓN GENERAL
campo de control de longitud fija 931025s1879 sp ||||1| spa d
100 1# - ENTRADA PRINCIPAL--NOMBRE DE PERSONA
Nombre de persona Fawcett, Enrique.
9 (RLIN) 49009
245 10 - MENCIÓN DEL TÍTULO
Título El libre-cambio y la protección
Resto del título : investigación de las causas que han retardado la adopción general de la libertad de comercio desde que se introdujo en Inglaterra /
Mención de responsabilidad, etc. por Enrique Fawcett... ; traducido... por Gumersindo de Azcárate... y Vicente Innerárity...
260 ## - PUBLICACIÓN, DISTRIBUCIÓN, ETC.
Lugar de publicación, distribución, etc. Madrid :
Nombre del editor, distribuidor, etc. Victoriano Suarez,
Fecha de publicación, distribución, etc. 1879.
300 ## - DESCRIPCIÓN FÍSICA
Extensión 281 p. ;
Dimensiones 19 cm.
650 #7 - PUNTO DE ACCESO ADICIONAL DE MATERIA--TÉRMINO DE MATERIA
Término de materia o nombre geográfico como elemento de entrada Libre cambio
Fuente del encabezamiento o término embne
9 (RLIN) 136409
700 1# - ENTRADA AGREGADA--NOMBRE PERSONAL
Nombre de persona Azcárate, Gumersindo de,
Fechas asociadas al nombre 1840-1917
9 (RLIN) 24243
700 1# - ENTRADA AGREGADA--NOMBRE PERSONAL
Nombre de persona Innerárity, Vicente.
9 (RLIN) 65326
852 ## - LOCALIZACIÓN
Ubicación ES-MaACL
Número de control de estantería G-10555
Holdings
Estatus retirado Estado de pérdida Estado de daño No para préstamo Colección Biblioteca de origen Biblioteca actual Ubicación en estantería Fecha de adquisición Fuente de adquisición Total de préstamos Signatura topográfica completa Código de barras Visto por última vez Precio de reemplazo Tipo de ítem Koha
        Libros del s. XIX Biblioteca del Ateneo de Madrid Biblioteca del Ateneo de Madrid Sala Pecera Planta 3 17/01/2008     G-10555 1056332 23/02/2023 23/02/2023 Libro impreso antiguo